<?xml version="1.0" encoding="UTF-8"?>
<record
    xmlns:xsi="http://www.w3.org/2001/XMLSchema-instance"
    xsi:schemaLocation="http://www.loc.gov/MARC21/slim http://www.loc.gov/standards/marcxml/schema/MARC21slim.xsd"
    xmlns="http://www.loc.gov/MARC21/slim">

  <leader>00344    a2200121   4500</leader>
  <controlfield tag="005">20250606140454.0</controlfield>
  <datafield tag="020" ind1=" " ind2=" ">
    <subfield code="a">978-1-86124-227-3</subfield>
  </datafield>
  <datafield tag="111" ind1=" " ind2=" ">
    <subfield code="a">CIPS</subfield>
  </datafield>
  <datafield tag="245" ind1=" " ind2=" ">
    <subfield code="a">Context of Procurement and Supply</subfield>
  </datafield>
  <datafield tag="260" ind1=" " ind2=" ">
    <subfield code="a">Stamford</subfield>
    <subfield code="b">The Charactered Institute of Purchasing &amp; Supply</subfield>
    <subfield code="c">2012</subfield>
  </datafield>
  <datafield tag="300" ind1=" " ind2=" ">
    <subfield code="a">84p.: ill; tables.</subfield>
    <subfield code="b">Notes</subfield>
    <subfield code="c">20.5 cm</subfield>
  </datafield>
  <datafield tag="942" ind1=" " ind2=" ">
    <subfield code="2">ddc</subfield>
    <subfield code="c">BKS</subfield>
  </datafield>
  <datafield tag="999" ind1=" " ind2=" ">
    <subfield code="c">3330</subfield>
    <subfield code="d">3330</subfield>
  </datafield>
  <datafield tag="952" ind1=" " ind2=" ">
    <subfield code="r">2025-06-06 14:07:00</subfield>
    <subfield code="l">0</subfield>
    <subfield code="o">658.72 CIP</subfield>
    <subfield code="p">MBY000262</subfield>
    <subfield code="v">75000.00</subfield>
    <subfield code="w">2025-06-06</subfield>
    <subfield code="y">BKS</subfield>
    <subfield code="1">0</subfield>
    <subfield code="2">ddc</subfield>
    <subfield code="4">0</subfield>
    <subfield code="7">0</subfield>
    <subfield code="0">0</subfield>
    <subfield code="a">002</subfield>
    <subfield code="b">002</subfield>
    <subfield code="c">SPECIAL</subfield>
    <subfield code="d">2025-02-21</subfield>
    <subfield code="e">PURCHASE</subfield>
    <subfield code="g">25000.00</subfield>
  </datafield>
  <datafield tag="952" ind1=" " ind2=" ">
    <subfield code="r">2025-06-06 14:09:35</subfield>
    <subfield code="l">0</subfield>
    <subfield code="o">658.72 CIP</subfield>
    <subfield code="p">MBY000127</subfield>
    <subfield code="v">75000.00</subfield>
    <subfield code="w">2025-06-06</subfield>
    <subfield code="y">BKS</subfield>
    <subfield code="1">0</subfield>
    <subfield code="2">ddc</subfield>
    <subfield code="4">0</subfield>
    <subfield code="7">0</subfield>
    <subfield code="0">0</subfield>
    <subfield code="a">002</subfield>
    <subfield code="b">002</subfield>
    <subfield code="c">GEN</subfield>
    <subfield code="d">2025-02-21</subfield>
    <subfield code="e">PURCHASE</subfield>
    <subfield code="g">25000.00</subfield>
  </datafield>
</record>
